50 awesome ante projects for the evil genius (Record no. 178598)

MARC details
000 -LEADER
fixed length control field 00428nam a2200157Ia 4500
008 - FIXED-LENGTH DATA ELEMENTS--GENERAL INFORMATION
fixed length control field 231217s9999 xx 000 0 und d
020 ## - INTERNATIONAL STANDARD BOOK NUMBER
International Standard Book Number 71458239
041 ## - LANGUAGE CODE
Language code of text/sound track or separate title English
082 ## - DEWEY DECIMAL CLASSIFICATION NUMBER
Classification number 629.2 HAR;1 R
100 ## - MAIN ENTRY--PERSONAL NAME
Personal name Harper, Gavin D J
245 #0 - TITLE STATEMENT
Title 50 awesome ante projects for the evil genius
260 ## - PUBLICATION, DISTRIBUTION, ETC.
Date of publication, distribution, etc. 2006
Name of publisher, distributor, etc. Macgraw-hill
Place of publication, distribution, etc. New York
300 ## - PHYSICAL DESCRIPTION
Extent xvii+206
650 ## - SUBJECT ADDED ENTRY--TOPICAL TERM
Topical term or geographic name entry element 50,awesome,ante,projects,evil,genius
942 ## - ADDED ENTRY ELEMENTS (KOHA)
Koha item type Books
Holdings
Date last seen Total checkouts Full call number Accession number Cost, total (INR) price Price effective from Category Lost status Damaged status Department Withdrawn status Home library Current library Shelving location Entry date Vendor Cost, normal purchase price Grants Billnumber Billdate Currency symbol Conversion rate Discount Old discount
26/01/2024   629.2 HAR;1 R 44083 938.12 26/01/2024 Books     Central Library   Central Library Central Library Central Library 08/02/2007 Allied publ. 24.95 ME 6995 08/09/2008 USD 47 4.99 20

© For any Suggestions or Query, please contact the library staff @ librarian@pes.edu or Phone: +9180 2672 1983/ 2108.